| 000 | 01247nam a2200181 4500 | ||
|---|---|---|---|
| 999 |
_c63790 _d63790 |
||
| 003 | Ge_BSU | ||
| 005 | 20260114184451.0 | ||
| 008 | 260114s1971 ge ||||| |||| 00| 0 geo d | ||
| 041 | _ageo | ||
| 080 | _a330.123.7 მ-97 | ||
| 100 |
_aმშვილდაძე, გიორგი _926679 |
||
| 245 |
_aწარმოების საშუალებათა წარმოების უპირატესი ზრდის ეკონომიური კანონის შესახებ / _cგიორგი მშვილდაძე; საქართველოს კპ ცკ-ისა და თბილ. პოლიტიკური განათლ. რესპ. სახლი. |
||
| 264 |
_aთბილისი : _bსაქართველოს კპ ცკ-ის გამ-ბა, _c1971. |
||
| 300 | _a100 გვ. ; 20 სმ. | ||
| 653 | _aწარმოების საშუალებათა ზრდის ეკონომიური კანონი | ||
| 710 |
_a საქართველოს კპ ცკ-ისა და თბილ. პოლიტიკური განათლ. რესპ. სახლი. _926680 |
||
| 942 |
_2udc _cᲬᲘᲒᲜᲘ |
||